Responses for Show #1406 - Monday, October 15, 1990

Game entered from audiorecording. Missing prizes.

Contestants

[<< previous game]

Dan Poneman, a lawyer from Alexandria, Virginia

Pat Land, a homemaker from Palos Heights, Illinois

Bob Tutelman, an engineer from San Diego, California (whose 1-day cash winnings total $10,199)

[next game >>]

Jeopardy! Round responses

WORLD GEOGRAPHY
LIGHT
FIELD HOCKEY
BIBLICAL QUOTES
BEARDS
WEDNESDAY
    $100 1
oases

Bob
    $100 12
a halo

Bob
    $100 22
the goalie

Dan
    $100 11
tooth for tooth

Bob
    $100 6
(Bob: What is a goat?)
(Alex: Or a...the beard?)
(Bob: What is [*]?)

a goatee

Bob
    $100 17
Ash Wednesday

Dan
    $200 2
Germany

Bob
    $200 13
the dawn's early light

Dan
    $200 23
India

Bob
    $200 27
set you free (or make you free)

Pat
    $200 7
Egypt

Pat
    $200 18
Odin (or Woden)

Dan
    $300 3
Hong Kong

Dan
    $300 14
aurora borealis

Bob
    $300 24
a shepherd's crook

Bob
    $300 28
David

Pat
    $300 8
Abraham Lincoln

Dan
    $300 19
Any Wednesday

Pat
    $400 4
Greece

Dan
    $400 15
lantern

Pat
    $400 25
100 yards

Bob
    $2,000 29
(Pat: Who is Saul?)

Jacob

Pat
    $400 9
the Ancient Mariner

Dan
    $400 20
(Dan: What is died?)

(got) married

PatDan
    $500 5
Jordan

Dan
    $500 16
(Dan: What is Moonlight?)

Footlight

Dan
Triple Stumper
    $500 26
(Bob: What is [*]?)
(Alex: Need...)
(Bob: Oh, what is [*] or [**]?)
(Alex: That's it, yes, 2 positions.)

fullback & halfback

Bob
    $500 30
(Pat: Who are my disciples?)

fishers of men

Pat
Triple Stumper
    $500 10
Van Dyke

Pat
    $500 21
Wednesday Morning, 3 A.M.

Bob

Scores at the first commercial break (after clue 16):

Bob Pat Dan
$900 $1,100 $1,600

Scores at the end of the Jeopardy! Round:

Bob Pat Dan
$2,800 -$200 $1,600

Double Jeopardy! Round responses

U.S. HISTORY
AFRICA
BUSINESS BIGGIES
GHOST STORIES
THE GREAT LAKES
BURT LANCASTER
    $200 10
the Alamo

Dan
    $200 2
a mosque

Dan
    $200 18
Coca-Cola

Dan
    $200 9
Charles Dickens

Dan
    $200 4
Lake Ontario

Bob
    $200 15
Kirk Douglas

Pat
    $400 11
Alan Shepard

Dan
    $400 3
Idi Amin

Bob
    $400 19
Nintendo

Pat
    $400 24
(Alex: We have a minute to go.)

(Oscar) Wilde

Bob
    $400 5
Erie

Dan
    $400 23
a rose tattoo

Bob
    $600 12
George Wallace

Dan
    $600 7
"We Are The World"

Bob
    $600 20
IBM

Dan
    $600 25
Washington Irving

Bob
    $600 1
(Bob: What is Lake Superior?)
(Pat: What is Lake Michigan?)

Lake Huron

BobPatDan
    $600 28
[The end-of-round signal sounds.]

From Here to Eternity

Dan
    $800 13
(Pat: Who is Teddy Roosevelt?)
(Bob: Who is Taft?)

Woodrow Wilson

BobPatDan
    $800 16
the Sudan

Bob
    $1,000 21
(Alex: Yes! Ma Bell.)

AT&T

Dan
    $800 26
Hill House

Triple Stumper
    $800 6
(Alex: They still drain into [*].)

the St. Lawrence

Dan
    $1000 14
Elbridge Gerry

Dan
    $1000 17
the sirocco

Bob
    $1000 22
advertising

Dan
    $1000 27
(Bob: Who is Maugham?)

Guy de Maupassant

Bob
Triple Stumper
    $1000 8
Duluth

Pat

Scores at the end of the Double Jeopardy! Round:

Bob Pat Dan
$4,800 $0 $10,200
(lock game)

[wagering suggestions for these scores]

Final Jeopardy! Round responses

BRITISH AUTHORS
BobWho was Kipling?
$4,700
DanWho is Kipling?
$300
Rudyard Kipling

Final scores:

Bob Pat Dan
$9,500 $0 $10,500
2nd place 3rd place New champion: $10,500

Game dynamics:

Coryat scores:

Bob Pat Dan
$4,800 $2,000 $10,000
19 R,
3 W
10 R,
4 W
(including 1 DD)
24 R
(including 2 DDs),
2 W

Combined Coryat: $16,800

[game clues] [game scores] [suggest correction]

Game tape date: 1990-08-27
The J! Archive is created by fans, for fans. Scraping, republication, monetization, and malicious use prohibited; this site may use cookies and collect identifying information. See terms. The Jeopardy! game show and all elements thereof, including but not limited to copyright and trademark thereto, are the property of Jeopardy Productions, Inc. and are protected under law. This website is not affiliated with, sponsored by, or operated by Jeopardy Productions, Inc. Join the discussion at JBoard.tv.